| 000 | 00553nam a2200181 i 4500 | ||
|---|---|---|---|
| 001 | 33942 | ||
| 003 | ES-MaACL | ||
| 005 | 20230906154840.0 | ||
| 007 | t| | ||
| 008 | 030203s1977 sp ||||1| spa d | ||
| 100 | 1 |
_aBochenski, Joseph M. _929672 |
|
| 245 | 1 | 4 |
_aLos métodos actuales del pensamiento / _cJoseph M. Bochenski ; [traducción de Raimundo Drudis Baldrich]. |
| 250 | _a12ª ed. | ||
| 260 |
_aMadrid : _bRialp, _c[1976] |
||
| 300 |
_a280 p. ; _c19 cm. |
||
| 700 | 1 |
_aDrudis Baldrich, Raimundo. _945680 |
|
| 852 |
_aES-MaACL _jA-7823 _bR.96967 |
||
| 999 |
_c33942 _d33942 |
||